<?xml version="1.0" encoding="UTF-8"?>
<record
    xmlns:xsi="http://www.w3.org/2001/XMLSchema-instance"
    xsi:schemaLocation="http://www.loc.gov/MARC21/slim http://www.loc.gov/standards/marcxml/schema/MARC21slim.xsd"
    xmlns="http://www.loc.gov/MARC21/slim">

  <leader>02115nam0a2200337   4500</leader>
  <controlfield tag="001">RU\NLR\BIBL_A\012046245</controlfield>
  <controlfield tag="005">20260407115659.0</controlfield>
  <datafield tag="035" ind1=" " ind2=" ">
    <subfield code="a">(NLR Aleph) 012046245</subfield>
  </datafield>
  <datafield tag="090" ind1=" " ind2=" ">
    <subfield code="a">11626077</subfield>
    <subfield code="c">11626077</subfield>
  </datafield>
  <datafield tag="100" ind1=" " ind2=" ">
    <subfield code="a">20190625d1897    |||y0rusy50      ca</subfield>
  </datafield>
  <datafield tag="101" ind1="0" ind2=" ">
    <subfield code="a">rus</subfield>
  </datafield>
  <datafield tag="102" ind1=" " ind2=" ">
    <subfield code="a">RU</subfield>
  </datafield>
  <datafield tag="105" ind1=" " ind2=" ">
    <subfield code="a">y   z   000zy</subfield>
  </datafield>
  <datafield tag="200" ind1="1" ind2=" ">
    <subfield code="a">&#x41E; &#x43F;&#x440;&#x435;&#x434;&#x43E;&#x441;&#x442;&#x430;&#x432;&#x43B;&#x435;&#x43D;&#x438;&#x438; &#x43F;&#x440;&#x430;&#x432;&#x430; &#x43D;&#x430; &#x437;&#x430;&#x448;&#x442;&#x430;&#x442;&#x43D;&#x43E;&#x435; &#x436;&#x430;&#x43B;&#x43E;&#x432;&#x430;&#x43D;&#x44C;&#x435; &#x43B;&#x438;&#x446;&#x430;&#x43C; &#x443;&#x447;&#x435;&#x431;&#x43D;&#x43E;-&#x432;&#x43E;&#x441;&#x43F;&#x438;&#x442;&#x430;&#x442;&#x435;&#x43B;&#x44C;&#x43D;&#x43E;&#x433;&#x43E; &#x43F;&#x435;&#x440;&#x441;&#x43E;&#x43D;&#x430;&#x43B;&#x430; &#x436;&#x435;&#x43D;&#x441;&#x43A;&#x438;&#x445; &#x433;&#x438;&#x43C;&#x43D;&#x430;&#x437;&#x438;&#x439; &#x438; &#x43F;&#x440;&#x43E;&#x433;&#x438;&#x43C;&#x43D;&#x430;&#x437;&#x438;&#x439;, &#x443;&#x432;&#x43E;&#x43B;&#x44C;&#x43D;&#x44F;&#x435;&#x43C;&#x44B;&#x43C; &#x43E;&#x442; &#x434;&#x43E;&#x43B;&#x436;&#x43D;&#x43E;&#x441;&#x442;&#x435;&#x439; &#x43F;&#x43E; &#x441;&#x43B;&#x443;&#x447;&#x430;&#x44E; &#x443;&#x43F;&#x440;&#x430;&#x437;&#x434;&#x43D;&#x435;&#x43D;&#x438;&#x44F; &#x43E;&#x43D;&#x44B;&#x445;</subfield>
    <subfield code="e">&#x432; &#x413;&#x43E;&#x441;&#x443;&#x434;&#x430;&#x440;&#x441;&#x442;&#x432;&#x435;&#x43D;&#x43D;&#x44B;&#x439; &#x421;&#x43E;&#x432;&#x435;&#x442;</subfield>
    <subfield code="f">&#x41C;&#x438;&#x43D;&#x438;&#x441;&#x442;&#x435;&#x440;&#x441;&#x442;&#x432;&#x43E; &#x41D;&#x430;&#x440;&#x43E;&#x434;&#x43D;&#x43E;&#x433;&#x43E; &#x41F;&#x440;&#x43E;&#x441;&#x432;&#x435;&#x449;&#x435;&#x43D;&#x438;&#x44F;. &#x414;&#x435;&#x43F;&#x430;&#x440;&#x442;&#x430;&#x43C;&#x435;&#x43D;&#x442;. &#x420;&#x430;&#x437;&#x440;&#x44F;&#x434; &#x416;&#x435;&#x43D;&#x441;&#x43A;&#x438;&#x445; &#x423;&#x447;&#x435;&#x431;&#x43D;&#x44B;&#x445; &#x417;&#x430;&#x432;&#x435;&#x434;&#x435;&#x43D;&#x438;&#x439;. 18 &#x441;&#x435;&#x43D;&#x442;&#x44F;&#x431;&#x440;&#x44F; 1897 &#x433;&#x43E;&#x434;&#x430;. &#x2116; 24966</subfield>
  </datafield>
  <datafield tag="210" ind1=" " ind2=" ">
    <subfield code="a">[&#x421;&#x430;&#x43D;&#x43A;&#x442;-&#x41F;&#x435;&#x442;&#x435;&#x440;&#x431;&#x443;&#x440;&#x433;</subfield>
    <subfield code="c">&#x431;. &#x438;.]</subfield>
    <subfield code="d">1897</subfield>
  </datafield>
  <datafield tag="215" ind1=" " ind2=" ">
    <subfield code="a">5 &#x441;.</subfield>
    <subfield code="d">34</subfield>
  </datafield>
  <datafield tag="300" ind1=" " ind2=" ">
    <subfield code="a">&#x412; &#x43A;&#x43E;&#x43D;&#x446;&#x435; &#x442;&#x435;&#x43A;&#x441;&#x442;&#x430;: &#x41F;&#x43E;&#x434;&#x43F;&#x438;&#x441;&#x430;&#x43B;: &#x41C;&#x438;&#x43D;&#x438;&#x441;&#x442;&#x440; &#x41D;&#x430;&#x440;&#x43E;&#x434;&#x43D;&#x43E;&#x433;&#x43E; &#x41F;&#x440;&#x43E;&#x441;&#x432;&#x435;&#x449;&#x435;&#x43D;&#x438;&#x44F;, &#x421;&#x442;&#x430;&#x442;&#x441;-&#x421;&#x435;&#x43A;&#x440;&#x435;&#x442;&#x430;&#x440;&#x44C; &#x413;&#x440;&#x430;&#x444; &#x414;&#x435;&#x43B;&#x44F;&#x43D;&#x43E;&#x432;; &#x421;&#x43A;&#x440;&#x435;&#x43F;&#x438;&#x43B;: &#x414;&#x438;&#x440;&#x435;&#x43A;&#x442;&#x43E;&#x440; &#x412;. &#x41B;&#x430;&#x442;&#x44B;&#x448;&#x435;&#x432;</subfield>
  </datafield>
  <datafield tag="300" ind1=" " ind2=" ">
    <subfield code="a">&#x41D;&#x430; &#x441;&#x442;&#x440;.: 1, 5: DCL, 2</subfield>
  </datafield>
  <datafield tag="309" ind1=" " ind2=" ">
    <subfield code="a">&#x411;&#x435;&#x437; &#x442;&#x438;&#x442;. &#x43B;. &#x438; &#x43E;&#x431;&#x43B;.</subfield>
  </datafield>
  <datafield tag="606" ind1="1" ind2=" ">
    <subfield code="a">&#x416;&#x435;&#x43D;&#x441;&#x43A;&#x438;&#x435; &#x433;&#x438;&#x43C;&#x43D;&#x430;&#x437;&#x438;&#x438;</subfield>
    <subfield code="x">&#x41F;&#x440;&#x435;&#x43F;&#x43E;&#x434;&#x430;&#x432;&#x430;&#x442;&#x435;&#x43B;&#x438;</subfield>
    <subfield code="x">&#x417;&#x430;&#x440;&#x430;&#x431;&#x43E;&#x442;&#x43D;&#x430;&#x44F; &#x43F;&#x43B;&#x430;&#x442;&#x430;</subfield>
    <subfield code="9">2420871</subfield>
    <subfield code="3">RU\NLR\AUTH\6601660342</subfield>
  </datafield>
  <datafield tag="686" ind1="3" ind2=" ">
    <subfield code="a">&#x427;424(28)735.1</subfield>
  </datafield>
  <datafield tag="702" ind1=" " ind2="1">
    <subfield code="4">720</subfield>
    <subfield code="8">rus</subfield>
    <subfield code="7">ca</subfield>
    <subfield code="a">&#x414;&#x435;&#x43B;&#x44F;&#x43D;&#x43E;&#x432;</subfield>
    <subfield code="b">&#x418;. &#x414;.</subfield>
    <subfield code="f">1818-1897</subfield>
    <subfield code="g">&#x418;&#x432;&#x430;&#x43D; &#x414;&#x430;&#x432;&#x44B;&#x434;&#x43E;&#x432;&#x438;&#x447;</subfield>
    <subfield code="3">RU\NLR\AUTH\7785868</subfield>
    <subfield code="9">68796</subfield>
  </datafield>
  <datafield tag="702" ind1=" " ind2="1">
    <subfield code="4">720</subfield>
    <subfield code="8">rus</subfield>
    <subfield code="7">ca</subfield>
    <subfield code="a">&#x41B;&#x430;&#x442;&#x44B;&#x448;&#x435;&#x432;</subfield>
    <subfield code="b">&#x412;. &#x412;.</subfield>
    <subfield code="f">1855-1921</subfield>
    <subfield code="g">&#x412;&#x430;&#x441;&#x438;&#x43B;&#x438;&#x439; &#x412;&#x430;&#x441;&#x438;&#x43B;&#x44C;&#x435;&#x432;&#x438;&#x447;</subfield>
    <subfield code="3">RU\NLR\AUTH\7788197</subfield>
    <subfield code="9">71125</subfield>
  </datafield>
  <datafield tag="711" ind1="0" ind2="1">
    <subfield code="a">&#x420;&#x43E;&#x441;&#x441;&#x438;&#x44F;</subfield>
    <subfield code="b">&#x414;&#x435;&#x43F;&#x430;&#x440;&#x442;&#x430;&#x43C;&#x435;&#x43D;&#x442; &#x43D;&#x430;&#x440;&#x43E;&#x434;&#x43D;&#x43E;&#x433;&#x43E; &#x43F;&#x440;&#x43E;&#x441;&#x432;&#x435;&#x449;&#x435;&#x43D;&#x438;&#x44F;</subfield>
    <subfield code="3">RU\NLR\AUTH\889931876</subfield>
    <subfield code="9">359137</subfield>
  </datafield>
  <datafield tag="711" ind1="0" ind2="1">
    <subfield code="a">&#x420;&#x43E;&#x441;&#x441;&#x438;&#x44F;</subfield>
    <subfield code="b">&#x413;&#x43E;&#x441;&#x443;&#x434;&#x430;&#x440;&#x441;&#x442;&#x432;&#x435;&#x43D;&#x43D;&#x44B;&#x439; &#x441;&#x43E;&#x432;&#x435;&#x442;</subfield>
    <subfield code="3">RU\NLR\AUTH\889948587</subfield>
    <subfield code="9">392796</subfield>
  </datafield>
  <datafield tag="852" ind1=" " ind2=" ">
    <subfield code="a">NLR</subfield>
    <subfield code="j">135/294-319(41)</subfield>
  </datafield>
  <datafield tag="942" ind1=" " ind2=" ">
    <subfield code="c">BOOK</subfield>
  </datafield>
  <datafield tag="980" ind1=" " ind2=" ">
    <subfield code="a">NB</subfield>
  </datafield>
</record>
